I bulli non sanno litigare (Record n. 357937)

Dettagli MARC
000 -LEADER
campo di controllo lung. fissa 01666nam a22002057a 4500
003 - Identificatore del numero di controllo
campo di controllo IT-MiCISF
005 - Data e orario dell'ultima transazione
campo di controllo 20180706120308.0
008 - Elementi di lunghezza fissa--Informazione generale
campo di controllo lung. fissa 180706b ||||| |||| 00| 0 eng d
040 ## - Fonte della catalogazione
Agenzia che fa la trascrizione IT-MiCISF
041 ## - Codice di lingua
Codice di lingua del testo/traccia sonora o titolo separato it
100 ## - Accesso principale -- nome di persona
Nome di persona Novara Daniele, Regoliosi Luigi
9 (RLIN) 57292
245 ## - Formulazione del titolo
Titolo I bulli non sanno litigare
Complemento del titolo Insegnare ai ragazzi a vivere con gli altri e a rispettarli
260 ## - Pubblicazione, distribuzione, ecc. (stampa)
Luogo di pubblicazione, distribuzione, ecc. Milano
Nome dell'editore, distributore, ecc. Mondadori, Bur Rizzoli
Data di pubblicazione, distribuzione, ecc. 2018
300 ## - Descrizione fisica
Estensione pp. 239
500 ## - Nota generale
Nota generale bullismo, educazione, scuola, problemi-educazione, prevenzione
520 ## - Riassunto, ecc.
Nota di riassunto, ecc. I bulli non sanno litigare perché non sono stati educati al conflitto e alla cooperazione. Questa la tesi semplice e al contempo rivoluzionaria che ci aiuta a comprendere un fenomeno che si è evoluto insieme alla società e che presenta oggi nuove problematiche. Troppo spesso insegnanti e educatori non sanno come affrontare i casi di bullismo e non riescono a superare il senso di impotenza, ma la lunga esperienza pedagogica di Novara e psicologica di Regoliosi ci fornisce gli strumenti per orientarci nel vasto mondo dei comportamenti non funzionali e contrastarli prima che condizionino la vita degli uomini e delle donne che saranno i nostri figli, proponendo soluzioni sperimentate in particolare nell’ambito scolastico. Con un approfondimento specifico relativo alla moderna frontiera del cyberbullismo, negli ultimi anni in primo piano nel dibattito sociale, la nuova edizione aggiornata di un testo sempre più attuale, attraverso la quale acquisire un efficace approccio in ottica di prevenzione e riparazione al fenomeno bullismo.
650 ## - Accesso aggiunto di soggetto--termine topico
Termine topico o nome geografico come accesso educazione
9 (RLIN) 56062
654 ## - Accesso aggiunto di soggetto--termini topici faccettati
Termine principale saggio
942 ## - Dati aggiuntivi (Koha)
Fonte della classificazione o dello schema di collocazione (segnatura) Dewey Decimal Classification
Tipo copia default (Koha) LIBRO
Dati di copia
Ritirato (status) Perso (status) Fonte della classificazione o dello schema di collocazione (segnatura) Danneggiato (status) Non per il presito Biblioteca proprietaria Biblioteca in cui si trova Data d'acquisizione Totale prestiti Collocazione Codice a barre Data ultima operazione Prezzo in vigore dal Tipo copia default (Koha)
    Dewey Decimal Classification Buone Condizioni Not For Loan CISF - Milano CISF - Milano 06/07/2018   b7470 9788817099028 06/07/2018 06/07/2018 LIBRO
CREDITS: SOCIETA' SAN PAOLO Via A.Severo, 58 - ROMA (RM) & PERIODICI SAN PAOLO SRL Via Giotto, 36 MILANO & CISF Via Giotto, 36 MILANO & EDIZIONI SAN PAOLO SRL,  Piazza Soncino, 5 CINISELLO BALSAMO (MI) -- ITALY